[Event "24th ch-EUR Indiv w 2024"]
[Site "Rhodes GRE"]
[Date "2024.04.25"]
[Round "6.16"]
[White "Vega Gutierrez, Sabrina"]
[Black "Zhukova, Natalia"]
[Result "1/2-1/2"]
[WhiteTitle "IM"]
[BlackTitle "GM"]
[WhiteElo "2383"]
[BlackElo "2301"]
[WhiteFideId "2219026"]
[BlackFideId "14101513"]
[EventDate "2024.04.19"]

1. e4 e5 2. Nf3 Nc6 3. d4 exd4 4. Nxd4 Bc5 5. Nb3 Bb6 6. a4 a5 7. Nc3 Nf6 8. Bg5
d6 9. Bb5 h6 10. Bh4 O-O 11. O-O Nb4 12. Nd5 Nbxd5 13. exd5 g5 14. Bg3 Ne4 15.
Kh1 Qf6 16. c3 Qg6 17. Nd2 Nf6 18. Nc4 Bc5 19. f4 Bg4 20. Qd2 Ne4 21. Qe1 Rae8
22. Bxe8 Rxe8 23. Ne3 Be2 24. Qxe2 Nxg3+ 25. hxg3 Rxe3 26. Qg4 f5 27. Qh3 g4 28.
Qh4 Qe8 29. Rab1 Kg7 30. b4 axb4 31. cxb4 Bd4 32. Rbc1 Re7 33. a5 Kg6 34. Rfd1
Ba7 35. b5 Re2 36. Qh2 Qxb5 37. Rxc7 Qxa5 38. Rcc1 Qb4 39. Ra1 Bc5 40. Rab1 Qe4
41. Rg1 b5 42. Qh4 Bxg1 43. Rxg1 Qxd5 44. Qd8 b4 45. Qc8 b3 46. Qa6 Rd2 47. Qc8
b2 48. Qe8+ Kg7 49. Qb8 Re2 50. Kh2 Qe4 51. Qc7+ Kg8 52. Qc8+ Kg7 53. Qd7+ Qe7
54. Qxf5 Qe6 55. Qb5 Qe8 56. Qf5 Qg6 57. Qb5 Qe8 58. Qf5 Qe6 59. Qb5 Rd2 60. Rb1
Qe4 61. Qd7+ Kf6 62. Qd8+ Kf7 63. Qd7+ Kf8 64. Qd8+ Qe8 65. Qf6+ Qf7 66. Qh8+
Qg8 67. Qf6+ Qf7 68. Qh8+ Qg8 69. Qf6+ Qf7 70. Qh8+ Ke7 71. Rxb2 Qh5+ 72. Kg1
Qc5+ 73. Kh2 Qh5+ 74. Kg1 Qc5+ 75. Kh2 Qh5+ 1/2-1/2

[Event "24th ch-EUR Indiv w 2024"]
[Site "Rhodes GRE"]
[Date "2024.04.25"]
[Round "6.17"]
[White "Kubicka, Anna"]
[Black "Balajayeva, Khanim"]
[Result "0-1"]
[WhiteTitle "WIM"]
[BlackTitle "IM"]
[WhiteElo "2292"]
[BlackElo "2371"]
[WhiteFideId "1152254"]
[BlackFideId "13406396"]
[EventDate "2024.04.19"]

1. Nf3 d5 2. g3 g6 3. Bg2 Bg7 4. O-O Nf6 5. c4 dxc4 6. Qa4+ Nfd7 7. Qxc4 O-O 8.
d4 Nb6 9. Qc2 Nc6 10. Rd1 Bf5 11. e4 Bg4 12. d5 Bxf3 13. Bxf3 Nd4 14. Qd3 c6 15.
Bg2 cxd5 16. Nc3 dxe4 17. Qxe4 e5 18. Qxb7 Qc8 19. Qe4 Rb8 20. Be3 f5 21. Qh4 f4
22. Bxd4 exd4 23. Ne4 Qf5 24. g4 Qd7 25. Rd3 Nd5 26. g5 f3 27. Rxf3 Rxf3 28.
Bxf3 Qf5 29. Bg2 Nf4 30. b3 Rf8 31. Rd1 Nxg2 32. Kxg2 Qf3+ 0-1

[Event "24th ch-EUR Indiv w 2024"]
[Site "Rhodes GRE"]
[Date "2024.04.25"]
[Round "6.18"]
[White "Mkrtchian, Lilit"]
[Black "Hrebenshchykova, Yelyzaveta"]
[Result "1/2-1/2"]
[WhiteTitle "IM"]
[BlackTitle "WIM"]
[WhiteElo "2366"]
[BlackElo "2289"]
[WhiteFideId "13300601"]
[BlackFideId "14159899"]
[EventDate "2024.04.19"]

1. e4 c5 2. Nf3 e6 3. d4 cxd4 4. Nxd4 Nc6 5. Nc3 Qc7 6. Be3 a6 7. a3 Nf6 8. f4
d6 9. Qf3 Bd7 10. O-O-O h5 11. h3 Rc8 12. Bd3 h4 13. Rhe1 Be7 14. Nxc6 Bxc6 15.
f5 e5 16. g4 hxg3 17. Qxg3 Rh7 18. Bg5 b5 19. Bxf6 Bxf6 20. Rg1 Qb7 21. Qf3 a5
22. Bf1 b4 23. Nd5 Bxd5 24. Rxd5 Ke7 25. Rg2 Rh4 26. Kb1 Rf4 27. Rb5 Qxe4 28.
Qxe4 Rxe4 29. Bd3 Re1+ 30. Ka2 e4 31. Rb7+ Kf8 32. Ba6 bxa3 33. Kxa3 Ra1+ 34.
Kb3 Rb1 35. Ka2 Rc1 36. Rxf7+ Kxf7 37. Bxc8 Rd1 38. Re2 d5 39. c4 dxc4 40. Be6+
Kf8 41. Rxe4 Rd2 42. Rxc4 Rxb2+ 43. Ka3 Rh2 44. Ka4 Rxh3 45. Kxa5 1/2-1/2

[Event "24th ch-EUR Indiv w 2024"]
[Site "Rhodes GRE"]
[Date "2024.04.25"]
[Round "6.19"]
[White "Guichard, Pauline"]
[Black "Terbe, Julianna"]
[Result "1/2-1/2"]
[WhiteTitle "IM"]
[BlackTitle "WIM"]
[WhiteElo "2362"]
[BlackElo "2274"]
[WhiteFideId "639370"]
[BlackFideId "708780"]
[EventDate "2024.04.19"]

1. d4 d5 2. c4 c6 3. Nc3 Nf6 4. Nf3 e6 5. e3 Nbd7 6. Be2 Bd6 7. O-O O-O 8. b3 b6
9. Bb2 Bb7 10. Bd3 Re8 11. Re1 Rc8 12. Rc1 e5 13. dxe5 Nxe5 14. Bf5 Rc7 15. cxd5
cxd5 16. Nb5 Rxc1 17. Qxc1 Nxf3+ 18. gxf3 Bb8 19. Kh1 d4 20. e4 Nh5 21. Rg1 Qh4
22. Nc7 Qxf2 23. Rg2 Qxf3 24. Nxe8 Nf4 25. Qd2 Nxg2 26. Qxg2 Qd1+ 27. Qg1 Qf3+
28. Qg2 Qd1+ 29. Qg1 Qf3+ 1/2-1/2

[Event "24th ch-EUR Indiv w 2024"]
[Site "Rhodes GRE"]
[Date "2024.04.25"]
[Round "6.20"]
[White "Ibrahimova, Sabina"]
[Black "Gaal, Zsoka"]
[Result "1-0"]
[WhiteTitle "WIM"]
[BlackTitle "WIM"]
[WhiteElo "2175"]
[BlackElo "2356"]
[WhiteFideId "13403893"]
[BlackFideId "777765"]
[EventDate "2024.04.19"]

1. c4 Nf6 2. Nc3 e6 3. e4 c5 4. e5 Ng8 5. d4 cxd4 6. Qxd4 Nc6 7. Qf4 d6 8. Nf3
Nge7 9. exd6 Ng6 10. Qe4 Bxd6 11. Bg5 f6 12. Be3 O-O 13. O-O-O Qe7 14. g4 Nge5
15. Rg1 Kh8 16. Be2 Bd7 17. Nd4 Rac8 18. Ndb5 Bb4 19. f4 f5 20. gxf5 exf5 21.
Qg2 Ng4 22. Bd2 Na5 23. Kb1 Bxc3 24. Nxc3 Nxc4 25. Bxc4 Rxc4 26. Qxb7 Rb4 27.
Qxa7 Rfb8 28. Bc1 Nf6 29. b3 R4b7 30. Qa5 h6 31. Bb2 Bc6 32. Qxf5 Rb5 33. Qd3
Rb4 34. Rde1 Qf7 35. Qd6 Bd7 36. Re7 Bf5+ 37. Ka1 Qf8 38. Nd5 Rxb3 39. axb3 Ra8+
40. Ba3 Nxd5 41. Ra7 Qc8 42. Rxa8 Qxa8 43. Qf8+ 1-0

[Event "24th ch-EUR Indiv w 2024"]
[Site "Rhodes GRE"]
[Date "2024.04.25"]
[Round "6.21"]
[White "Mkrtchyan, Mariam"]
[Black "Sieber, Fiona"]
[Result "1/2-1/2"]
[WhiteTitle "WIM"]
[BlackTitle "WGM"]
[WhiteElo "2354"]
[BlackElo "2222"]
[WhiteFideId "13310828"]
[BlackFideId "12902373"]
[EventDate "2024.04.19"]

1. d4 Nf6 2. c4 e6 3. Nf3 b6 4. g3 Ba6 5. b3 Bb7 6. Bg2 Bb4+ 7. Bd2 c5 8. Bxb4
cxb4 9. a3 Na6 10. O-O O-O 11. e3 h5 12. Qe2 Qe7 13. Rc1 Rfc8 14. Qb2 bxa3 15.
Qxa3 Nb4 16. Nc3 a5 17. Na4 Qd8 18. c5 bxc5 19. dxc5 Ra7 20. Nb6 Rb8 21. Nc4 Ne4
22. Nfe5 Nxc5 23. Nd6 Bxg2 24. Rxc5 Bd5 25. e4 Qb6 26. Rac1 Qxd6 27. Rc8+ Kh7
28. Nxf7 Qb6 29. exd5 Nd3 30. Qa2 Nxc1 31. Qc2+ g6 32. Ng5+ Kh6 33. Nf7+ Kh7 34.
Ng5+ Kh6 35. Nf7+ 1/2-1/2

[Event "24th ch-EUR Indiv w 2024"]
[Site "Rhodes GRE"]
[Date "2024.04.25"]
[Round "6.22"]
[White "Osmak, Yuliia"]
[Black "Velikic, Adela"]
[Result "1-0"]
[WhiteTitle "IM"]
[BlackTitle "WIM"]
[WhiteElo "2459"]
[BlackElo "2258"]
[WhiteFideId "14101602"]
[BlackFideId "913553"]
[EventDate "2024.04.19"]

1. c4 e6 2. Nc3 d5 3. d4 Nf6 4. cxd5 exd5 5. Bg5 Bb4 6. e3 h6 7. Bh4 g5 8. Bg3
Ne4 9. Qc2 h5 10. f3 Nxg3 11. hxg3 Be6 12. O-O-O Nd7 13. f4 Bxc3 14. Qxc3 Rh6
15. Kb1 Bf5+ 16. Bd3 Bxd3+ 17. Qxd3 g4 18. Ne2 Qe7 19. Nc3 Nf6 20. Qf5 Qd7 21.
Qg5 Rg6 22. Qe5+ Kf8 23. f5 Rh6 24. Qf4 Kg7 25. e4 dxe4 26. Nxe4 Nxe4 27. Qxe4
Re8 28. Qf4 Qc6 29. Qg5+ Kf8 30. Rhe1 Qf6 31. Qf4 Rxe1 32. Rxe1 Qd6 33. Re5 Qa6
34. Re3 Rf6 35. a3 Qd6 36. Re5 Qa6 37. d5 Qd3+ 38. Ka1 Rb6 39. Re1 Qb5 40. Qe5
Rh6 41. Qe7+ Kg7 42. Qg5+ Kh7 43. f6 Rg6 44. Qxh5+ Kg8 45. Rh1 Kf8 46. Qf5 1-0

[Event "24th ch-EUR Indiv w 2024"]
[Site "Rhodes GRE"]
[Date "2024.04.25"]
[Round "6.23"]
[White "Urh, Zala"]
[Black "Tsolakidou, Stavroula"]
[Result "0-1"]
[WhiteTitle "WIM"]
[BlackTitle "IM"]
[WhiteElo "2263"]
[BlackElo "2424"]
[WhiteFideId "14611481"]
[BlackFideId "4264312"]
[EventDate "2024.04.19"]

1. d4 Nf6 2. c4 g6 3. Nc3 Bg7 4. e4 d6 5. h3 O-O 6. Be3 Nc6 7. d5 Ne5 8. f4 Ned7
9. Nge2 c6 10. Ng3 a6 11. Bd3 cxd5 12. cxd5 b5 13. Rc1 Bb7 14. O-O Re8 15. Bb1
Rc8 16. Nce2 Rxc1 17. Qxc1 e6 18. dxe6 Rxe6 19. f5 Re8 20. Bg5 Qb6+ 21. Kh1 Qc5
22. Qf4 d5 23. Rc1 Qb6 24. Nc3 dxe4 25. Ngxe4 Nxe4 26. Nxe4 Be5 27. Qh4 gxf5 28.
Nd2 Nf8 29. Bxf5 Ng6 30. Qg4 Qd4 31. b3 Qxg4 32. Bxg4 Bf4 33. Bxf4 Nxf4 34. Nf3
h5 35. Bd7 Re2 36. Nh4 Rxa2 37. Rf1 Rxg2 38. Nxg2 Bxg2+ 39. Kg1 Bxf1 40. Kxf1
Kg7 41. Kf2 Kf6 42. Kf3 Ke5 43. h4 b4 44. Be8 f5 45. Bf7 a5 46. Be8 Nd5 47. Kg3
Nc3 0-1

[Event "24th ch-EUR Indiv w 2024"]
[Site "Rhodes GRE"]
[Date "2024.04.25"]
[Round "6.24"]
[White "Toncheva, Nadya"]
[Black "Atalik, Ekaterina"]
[Result "1-0"]
[WhiteTitle "FM"]
[BlackTitle "IM"]
[WhiteElo "2258"]
[BlackElo "2406"]
[WhiteFideId "2924056"]
[BlackFideId "4130189"]
[EventDate "2024.04.19"]

1. e4 g6 2. d4 Bg7 3. c4 d6 4. Nc3 Nf6 5. Be2 O-O 6. Bg5 c6 7. Qd2 d5 8. exd5
cxd5 9. Bxf6 Bxf6 10. Nxd5 Bg7 11. Nf3 Nc6 12. O-O Bg4 13. Rad1 Bxf3 14. Bxf3
Nxd4 15. Qe3 e6 16. Nc3 Qb6 17. b3 Rfd8 18. Ne4 Qa5 19. Qf4 f5 20. Ng3 Qxa2 21.
Bxb7 Rab8 22. Qc7 Qxb3 23. Rb1 Qc3 24. Kh1 Bf8 25. Rfc1 Qd2 26. c5 Nb3 27. Nf1
Qd3 28. Rd1 Qxd1 29. Rxd1 Rxd1 30. Ba6 Rb4 31. c6 Nd4 32. Qd7 Rbb1 33. g3 Ra1
34. c7 Rxa6 35. c8=Q Ra2 36. Kg2 1-0

[Event "24th ch-EUR Indiv w 2024"]
[Site "Rhodes GRE"]
[Date "2024.04.25"]
[Round "6.25"]
[White "Starosta, Martyna"]
[Black "Kiolbasa, Oliwia"]
[Result "0-1"]
[WhiteTitle "WFM"]
[BlackTitle "IM"]
[WhiteElo "2254"]
[BlackElo "2386"]
[WhiteFideId "21818754"]
[BlackFideId "1154613"]
[EventDate "2024.04.19"]

1. e4 e5 2. Nf3 Nc6 3. d4 exd4 4. Nxd4 Bc5 5. Be3 Qf6 6. c3 Nge7 7. Bb5 Bb6 8.
O-O O-O 9. Re1 d6 10. Bf1 Bd7 11. Nc2 Qg6 12. Nd2 f5 13. Bxb6 axb6 14. Nd4 fxe4
15. Nxe4 Ne5 16. Ng3 Qf7 17. Qb3 Nd5 18. Bc4 Nxc4 19. Qxc4 Qxf2+ 20. Kh1 c6 21.
Qb3 Kh8 22. Ne4 Qf4 23. c4 Rae8 24. cxd5 Rxe4 25. Nf3 Bg4 26. dxc6 bxc6 27. h3
Rb4 28. Qc3 Bxf3 29. Rf1 Bxg2+ 30. Kxg2 Qg5+ 31. Kh2 Rbf4 32. Qxc6 Rxf1 33. Rxf1
Qe5+ 34. Kg1 Qd4+ 35. Kh2 Qxb2+ 36. Kg1 Qd4+ 37. Kg2 Qd2+ 38. Kg3 Qg5+ 39. Kh2
Qe5+ 40. Kg1 Qe3+ 0-1

[Event "24th ch-EUR Indiv w 2024"]
[Site "Rhodes GRE"]
[Date "2024.04.25"]
[Round "6.26"]
[White "Sandu, Mihaela"]
[Black "Hoang, Thanh Trang"]
[Result "1/2-1/2"]
[WhiteTitle "WGM"]
[BlackTitle "GM"]
[WhiteElo "2253"]
[BlackElo "2382"]
[WhiteFideId "1204327"]
[BlackFideId "12400149"]
[EventDate "2024.04.19"]

1. c4 f5 2. g3 Nf6 3. Bg2 e6 4. Nf3 d5 5. O-O Bd6 6. Nc3 O-O 7. d3 dxc4 8. dxc4
Nc6 9. Nb5 e5 10. Nxd6 cxd6 11. b3 Qc7 12. Ba3 Rd8 13. e3 d5 14. cxd5 Nxd5 15.
Qc1 e4 16. Nd4 Nxd4 17. exd4 Be6 18. Qxc7 Nxc7 19. f3 exf3 20. Bxf3 Bd5 21. Rac1
Ne6 22. Bb2 g6 23. Be2 Rac8 24. Rfd1 a6 25. Kf2 Kf7 26. Ke3 Re8 27. Rxc8 Rxc8
28. Rc1 Re8 29. Kf2 Re7 30. Rc8 Rc7 31. Rxc7+ Nxc7 32. Ba3 Be4 33. Bd6 Nd5 34.
a4 Ke6 35. Bf8 Nc3 36. a5 Bd5 37. Bc4 Bxc4 38. bxc4 Nd1+ 39. Kf3 Nb2 40. d5+ Kf7
41. Bb4 Nxc4 42. Kf4 b6 43. axb6 Nxb6 44. Ke5 a5 45. Be1 a4 46. Kd6 Nc4+ 47. Kc7
Ke8 48. Bc3 g5 49. d6 Nxd6 50. Kxd6 Kf7 51. Ke5 Kg6 52. Bb2 h6 53. Bc1 h5 54. h3
h4 55. gxh4 f4 56. Ke4 Kh5 57. hxg5 Kxg5 58. Kf3 Kh4 59. Kg2 f3+ 60. Kxf3 1/2-1/2

[Event "24th ch-EUR Indiv w 2024"]
[Site "Rhodes GRE"]
[Date "2024.04.25"]
[Round "6.27"]
[White "Houska, Jovanka"]
[Black "Borosova, Zuzana"]
[Result "1-0"]
[WhiteTitle "IM"]
[BlackTitle "WGM"]
[WhiteElo "2340"]
[BlackElo "2225"]
[WhiteFideId "405094"]
[BlackFideId "14905779"]
[EventDate "2024.04.19"]

1. d4 e6 2. c4 f5 3. g3 Nf6 4. Nc3 d5 5. Nf3 c6 6. Bg2 Bd6 7. Bf4 Bxf4 8. gxf4
Nbd7 9. e3 O-O 10. Qc2 Qe7 11. O-O Kh8 12. cxd5 Nxd5 13. Kh1 Rf6 14. Rg1 Nf8 15.
Ne5 Bd7 16. Bf3 Rh6 17. Rg5 Rc8 18. Rag1 g6 19. Rc1 Rd8 20. Na4 Be8 21. Nc5 Rh4
22. Ncd3 h6 23. Rg2 g5 24. Qc5 Qf6 25. fxg5 hxg5 26. Rxg5 Rxh2+ 27. Kxh2 Qh6+
28. Kg1 Qxg5+ 29. Kf1 Nh7 30. Ke2 Bh5 31. Rh1 Bxf3+ 32. Nxf3 Qf6 33. Nde5 Rg8
34. Qxa7 Qe7 35. Qc5 Qxc5 36. dxc5 Rg2 37. Nd4 Nc7 38. Nf7+ Kg7 39. Nd8 Ng5 40.
Kf1 Rg4 41. Nxb7 e5 42. Nxf5+ Kf6 43. Rh6+ 1-0

[Event "24th ch-EUR Indiv w 2024"]
[Site "Rhodes GRE"]
[Date "2024.04.25"]
[Round "6.28"]
[White "Gajcin, Marina"]
[Black "Gaponenko, Inna"]
[Result "1-0"]
[WhiteTitle "WGM"]
[BlackTitle "IM"]
[WhiteElo "2224"]
[BlackElo "2332"]
[WhiteFideId "949086"]
[BlackFideId "14101181"]
[EventDate "2024.04.19"]

1. e4 c6 2. d4 d5 3. Nc3 dxe4 4. Nxe4 Nf6 5. Nxf6+ exf6 6. c3 Bd6 7. Bd3 O-O 8.
Qc2 Re8+ 9. Ne2 h5 10. O-O h4 11. Nf4 Nd7 12. Qd1 Nf8 13. Qh5 Qc7 14. g3 hxg3
15. hxg3 Qd7 16. Kg2 Bxf4 17. Bxf4 Qd5+ 18. Qxd5 cxd5 19. Rh1 Ng6 20. Bd2 Ne7
21. Bh7+ Kf8 22. Bc2 Kg8 23. Ba4 Rd8 24. Rae1 Be6 25. Rh2 a6 26. Reh1 Ng6 27.
Bc2 f5 28. Rh5 f6 29. g4 Ne7 30. gxf5 Bd7 31. Bf4 Kf7 32. Bc7 Re8 33. R1h3 Rac8
34. Bd6 Ng8 35. Rh7 Ne7 36. R7h5 Rcd8 37. Bc7 Rc8 38. Bb6 Rc6 39. Bc5 b6 40. Ba3
Rcc8 41. Re3 Rcd8 42. Bxe7 Rxe7 43. Rh7 Ree8 44. Rh1 b5 45. Kf3 Rh8 46. Rhe1
Rde8 47. Rxe8 Rxe8 48. Re3 Rh8 49. Bb3 Bxf5 50. Bxd5+ Kf8 51. Bb7 a5 52. Bc6
Rh3+ 53. Kf4 Rxe3 54. Kxe3 b4 55. c4 Bb1 56. a3 bxa3 57. bxa3 g5 58. Be4 Ba2 59.
c5 Ke7 60. d5 f5 61. Bf3 Bb1 62. Kd4 g4 63. Be2 Kf6 64. c6 Ke7 65. Ke5 Be4 66.
d6+ Kd8 67. c7+ 1-0

[Event "24th ch-EUR Indiv w 2024"]
[Site "Rhodes GRE"]
[Date "2024.04.25"]
[Round "6.29"]
[White "Savina, Anastasia"]
[Black "Jarocka, Liwia"]
[Result "1/2-1/2"]
[WhiteTitle "IM"]
[BlackTitle "FM"]
[WhiteElo "2330"]
[BlackElo "2212"]
[WhiteFideId "4196872"]
[BlackFideId "21807558"]
[EventDate "2024.04.19"]

1. d4 Nf6 2. c4 e6 3. Nc3 Bb4 4. e3 O-O 5. a3 Bxc3+ 6. bxc3 d5 7. cxd5 exd5 8.
Bd3 c5 9. Ne2 b6 10. O-O Ba6 11. f3 Bxd3 12. Qxd3 Re8 13. Ng3 Nc6 14. Bb2 Rc8
15. e4 dxe4 16. fxe4 Ne5 17. Qe2 cxd4 18. cxd4 Nc4 19. Rae1 b5 20. Ba1 Nxa3 21.
d5 Qb6+ 22. Kh1 Rc2 23. Qf3 Nc4 24. e5 Nd2 25. Qf5 Nxf1 26. Rxf1 Qc5 27. Ne4 Qc4
28. Nxf6+ gxf6 29. Qxf6 Qxd5 30. Qg5+ Kf8 31. Qh6+ Kg8 32. Qg5+ Kf8 33. Qh6+ Kg8
34. Qg5+ 1/2-1/2

[Event "24th ch-EUR Indiv w 2024"]
[Site "Rhodes GRE"]
[Date "2024.04.25"]
[Round "6.31"]
[White "Melia, Salome"]
[Black "Levitan, Ronit"]
[Result "1/2-1/2"]
[WhiteTitle "IM"]
[BlackTitle "WFM"]
[WhiteElo "2322"]
[BlackElo "2187"]
[WhiteFideId "13602446"]
[BlackFideId "2815109"]
[EventDate "2024.04.19"]

1. e4 e5 2. Nf3 Nc6 3. Bb5 a6 4. Ba4 Nf6 5. d3 d6 6. c3 g6 7. O-O Bg7 8. Nbd2
O-O 9. Re1 Re8 10. h3 h6 11. Nf1 b5 12. Bc2 a5 13. a4 b4 14. Ne3 bxc3 15. bxc3
Be6 16. Rb1 d5 17. exd5 Nxd5 18. Nxd5 Bxd5 19. Rb5 Na7 20. Rxa5 c6 21. Ra6 Qc7
22. Be3 Reb8 23. Rxa7 Rxa7 24. Bxa7 Qxa7 25. Nxe5 Qa5 26. d4 Qxc3 27. Re3 Qa5
28. h4 h5 29. Qd3 Qd8 30. g3 Qd6 31. a5 Rb2 32. a6 Ra2 33. Re1 Ra3 34. Qe2 Bxe5
35. dxe5 Qe6 36. Be4 Bxe4 37. Qxe4 Rxa6 38. Rd1 Ra5 39. Rd8+ Kh7 40. Rd6 Qxe5
41. Qxe5 Rxe5 1/2-1/2

[Event "24th ch-EUR Indiv w 2024"]
[Site "Rhodes GRE"]
[Date "2024.04.25"]
[Round "6.32"]
[White "Rodriguez Redondo, Adhara"]
[Black "Radeva, Viktoria"]
[Result "0-1"]
[WhiteTitle "WFM"]
[BlackTitle "WGM"]
[WhiteElo "2152"]
[BlackElo "2315"]
[WhiteFideId "32065698"]
[BlackFideId "2915405"]
[EventDate "2024.04.19"]

1. e4 c5 2. Nf3 Nf6 3. Nc3 e6 4. d4 d5 5. exd5 Nxd5 6. Bb5+ Bd7 7. Bxd7+ Qxd7 8.
Nxd5 Qxd5 9. O-O Nc6 10. Be3 c4 11. b3 Be7 12. bxc4 Qxc4 13. Nd2 Qa6 14. Qg4 g6
15. c4 O-O 16. d5 exd5 17. cxd5 Nb4 18. Bg5 Nxd5 19. Bxe7 Nxe7 20. Qg5 Nf5 21.
Ne4 Rad8 22. g4 Nd4 23. f3 f6 24. Qh4 Qc6 25. Qf2 f5 26. gxf5 Rxf5 27. Qh4 Rdf8
28. Ng5 Rxg5+ 29. Qxg5 Nxf3+ 30. Rxf3 Qxf3 31. Rc1 Qf2+ 32. Kh1 Qxa2 33. Qc5 b6
34. Qc6 Qf2 35. Qc4+ Qf7 36. Qc2 b5 37. Qc5 b4 38. Kg2 b3 39. Qc3 Qf2+ 40. Kh1
Qf3+ 0-1

[Event "24th ch-EUR Indiv w 2024"]
[Site "Rhodes GRE"]
[Date "2024.04.25"]
[Round "6.33"]
[White "Ciolacu, Alessia-Mihaela"]
[Black "Antolak, Julia"]
[Result "1/2-1/2"]
[WhiteTitle "WIM"]
[BlackTitle "WGM"]
[WhiteElo "2188"]
[BlackElo "2309"]
[WhiteFideId "1252640"]
[BlackFideId "1159569"]
[EventDate "2024.04.19"]

1. d4 Nf6 2. c4 c5 3. d5 b5 4. cxb5 a6 5. bxa6 Bxa6 6. Nc3 d6 7. Nf3 g6 8. e4
Bxf1 9. Kxf1 Bg7 10. g3 O-O 11. Kg2 Nbd7 12. Qe2 Qa5 13. Bd2 Nb6 14. a4 Qb4 15.
Rhb1 Rfb8 16. b3 Nbd7 17. Ne1 e6 18. Nc2 Qb7 19. dxe6 fxe6 20. b4 cxb4 21. Rxb4
Qc7 22. Rc4 Qb7 23. Rb1 Nb6 24. Rcb4 Nfd7 25. Qg4 Re8 26. Nb5 Qc8 27. Ne3 Ne5
28. Qe2 Qa6 29. Qf1 Re7 30. Nxd6 Qxf1+ 31. Nxf1 Nbd7 32. Bg5 Bf6 33. Bxf6 Nxf6
34. Rb8+ Rxb8 35. Rxb8+ Kg7 36. f4 Nd3 37. e5 Nd5 38. Rb7 Nc5 39. Rxe7+ Nxe7 40.
a5 Nc6 41. Nc4 Nb3 42. Kf3 Nbxa5 43. Nxa5 Nxa5 44. Nd2 Nc6 45. Ke4 Kf7 46. Nf3
h6 47. g4 h5 48. gxh5 gxh5 49. f5 exf5+ 50. Kxf5 Ne7+ 51. Kg5 Ke6 52. Kxh5 Kf5
53. Nh4+ Kxe5 54. Kh6 Kf4 55. Kh5 Nf5 56. Ng6+ Kf3 57. Ne5+ Kg2 58. Ng4 Kh3 59.
Kg5 Ne3 60. Nxe3 Kxh2 1/2-1/2

[Event "24th ch-EUR Indiv w 2024"]
[Site "Rhodes GRE"]
[Date "2024.04.25"]
[Round "6.34"]
[White "Mgeladze, Kesaria"]
[Black "Benmesbah, Natacha"]
[Result "0-1"]
[WhiteTitle "WFM"]
[BlackTitle "WIM"]
[WhiteElo "2094"]
[BlackElo "2306"]
[WhiteFideId "13621130"]
[BlackFideId "642002"]
[EventDate "2024.04.19"]

1. e4 c6 2. Nf3 d5 3. Nc3 Bg4 4. h3 Bxf3 5. Qxf3 e6 6. g3 Bc5 7. Bg2 Nd7 8. O-O
h5 9. Qe2 h4 10. g4 Ne7 11. d3 Qc7 12. Na4 Bd6 13. f4 b5 14. Nc3 d4 15. Nd1 e5
16. f5 c5 17. a4 c4 18. axb5 cxd3 19. Qxd3 Rc8 20. Rf2 Bc5 21. Bd2 Bb6 22. Bb4
Nc5 23. Bxc5 Qxc5 24. b3 Rc7 25. Nb2 Qc3 26. Ra2 Qe1+ 27. Rf1 Qe3+ 28. Kh1 O-O
29. Qxe3 dxe3 30. Nc4 Rd8 31. Re1 Rc5 32. Nxb6 axb6 33. Bf1 Rd2 34. Bd3 Nc8 35.
Rxe3 Nd6 36. g5 Kh7 37. b4 Rc3 38. Ra7 Rdxc2 39. Bxc2 Rxe3 40. Rd7 Nxb5 41. Bd3
Nd4 42. Bc4 Rxh3+ 43. Kg2 Rg3+ 44. Kf2 Rxg5 45. Bxf7 h3 46. Rd8 Rg2+ 47. Kf1 Rg3
48. Bg6+ Kh6 49. Kf2 Rg2+ 50. Kf1 Kg5 51. Rg8 Ne2 52. Rxg7 Ng3+ 53. Ke1 h2 0-1

[Event "24th ch-EUR Indiv w 2024"]
[Site "Rhodes GRE"]
[Date "2024.04.25"]
[Round "6.35"]
[White "Paasikangas, Johanna"]
[Black "Lach, Aleksandra"]
[Result "0-1"]
[WhiteTitle "FM"]
[BlackTitle "WIM"]
[WhiteElo "2080"]
[BlackElo "2292"]
[WhiteFideId "500879"]
[BlackFideId "1134299"]
[EventDate "2024.04.19"]

1. e4 c5 2. Nf3 Nc6 3. d4 cxd4 4. Nxd4 g6 5. Nc3 Bg7 6. Be3 Nf6 7. f3 O-O 8. g4
Qb6 9. Ncb5 d5 10. g5 Nxe4 11. fxe4 e5 12. Nf5 d4 13. Nh6+ Bxh6 14. gxh6 dxe3
15. Qd6 Nd4 16. Qxb6 axb6 17. Bd3 Bh3 18. Nc3 f5 19. exf5 Bxf5 20. Ne4 Bxe4 21.
Bxe4 Rf4 22. Bd5+ Kf8 23. O-O-O Ra5 24. Bxb7 Rxa2 25. Kb1 Ra7 26. Bd5 Rf2 27.
Rhf1 Rd7 28. Rxf2+ exf2 29. Bg2 Rf7 30. Rf1 Rf4 31. Kc1 Nf5 32. Kd2 e4 33. Ke2
e3 34. c3 Rh4 35. Rh1 Rxh6 36. Be4 Rxh2 37. Rxh2 Ng3+ 38. Kf3 f1=Q+ 39. Kxg3 e2
40. Rf2+ Kg7 41. Bd3 Qg1+ 0-1

[Event "24th ch-EUR Indiv w 2024"]
[Site "Rhodes GRE"]
[Date "2024.04.25"]
[Round "6.36"]
[White "Schulze, Lara"]
[Black "Ivan-Gal, Hanna Krisztina"]
[Result "1-0"]
[WhiteTitle "FM"]
[BlackTitle "WFM"]
[WhiteElo "2290"]
[BlackElo "2161"]
[WhiteFideId "12956830"]
[BlackFideId "711861"]
[EventDate "2024.04.19"]

1. e4 c5 2. Nc3 e6 3. d4 cxd4 4. Qxd4 Nc6 5. Qe3 a6 6. Qg3 b5 7. Bg5 Qa5 8. Nf3
h6 9. Be3 b4 10. Nb1 b3+ 11. Nbd2 bxc2 12. Bd3 Nf6 13. O-O d5 14. Bxc2 Qb4 15.
a3 Qb8 16. e5 Nd7 17. Ba4 Ne7 18. Nd4 g5 19. f4 Bg7 20. N2f3 Rg8 21. fxg5 hxg5
22. Qxg5 Qxb2 23. Rfb1 Qc3 24. Rc1 Qb2 25. Rcb1 Qc3 26. Bd2 Qc4 27. Rb4 Qc7 28.
Rc1 Qd8 29. Nxe6 fxe6 30. Qh5+ Kf8 31. Ng5 1-0

[Event "24th ch-EUR Indiv w 2024"]
[Site "Rhodes GRE"]
[Date "2024.04.25"]
[Round "6.37"]
[White "Khotenashvili, Bella"]
[Black "Follana Albelda, Lucia"]
[Result "0-1"]
[WhiteTitle "GM"]
[WhiteElo "2454"]
[BlackElo "1954"]
[WhiteFideId "13602640"]
[BlackFideId "24516937"]
[EventDate "2024.04.19"]

1. Nf3 Nf6 2. g3 b6 3. Bg2 Bb7 4. O-O e6 5. d3 d5 6. Nbd2 Bd6 7. e4 dxe4 8. dxe4
e5 9. Nh4 O-O 10. Nf5 Re8 11. Nc4 Bf8 12. Qe2 Nbd7 13. Rd1 Qb8 14. Bh3 Bc6 15.
a4 a5 16. f3 b5 17. axb5 Bxb5 18. Bf1 Nb6 19. b3 a4 20. Be3 Qb7 21. Qd2 Bxc4 22.
bxc4 Qc6 23. Bf2 Bc5 24. Qg5 g6 25. Bxc5 Qxc5+ 26. Kg2 Re6 27. Ne3 Kg7 28. Rab1
Qc6 29. Rb5 Nxe4 30. Nf5+ Kh8 31. Rd8+ Rxd8 32. Qxd8+ Re8 33. Ne7 Qxb5 34. Qxc7
Qc5 35. Nxg6+ hxg6 36. Qxf7 Qf2+ 0-1